Península Ibérica - Idiomas - Estadísticas

Estadísticas generales
  • Esta prueba ha sido intentada 47 veces
  • La puntuación promedio es 9 de 11
Estadísticas de respuestas
Respuesta % Correcto
España Castellano
100%
España Catalán
98%
Andorra Catalán
98%
Portugal Portugués
98%
Gibraltar Inglés
95%
España Euskera
93%
Francia Francés
93%
España Gallego
88%
España Valenciano
63%
España Aranés
38%
Portugal Mirandés
20%
No se encontraron pruebas coincidentes
Distribución de puntuación
Porcentaje de gente con cada puntuación
Porcentaje por número respondido
Historial de tus puntuaciones
No has intentado esta prueba.